| 000 | 00374pam a2200157a 44500 | ||
|---|---|---|---|
| 008 | 230405s2006 xxu||||| |||| 00| 0 eng d | ||
| 041 | _aENG | ||
| 100 | _aHUNTER DAVID , WATT ANDREW | ||
| 245 | _aBEINNING XML | ||
| 250 | _a2006 | ||
| 260 |
_aNEW DELHI _bDREAMTECH PRESS _c2006 |
||
| 300 | _a995 | ||
| 650 | _aPROGRAMMING LANGUAGE XML | ||
| 690 | _aMCA | ||
| 906 | _a6571 | ||
| 999 |
_c287382 _d287382 |
||